Guía para procesos de cerería, jabonería y cremas (Registro nro. 5510)
[ vista simple ]
| 000 -CABECERA | |
|---|---|
| Campo de control | 01117cam a2200301 a 4500 |
| 005 - FECHA Y HORA DE LA ULTIMA TRANSACCION | |
| Campo de control | 20191224041807.0 |
| 008 - ELEMENTOS DE LONGITUD FIJA—INFORMACION GENERAL | |
| Campo de control | 030910t 2003ck a r 000 0 spa d |
| 020 ## - ISBN | |
| ISBN | 9586981061 |
| 040 ## - FUENTE DE CATALOGACIÓN | |
| Agencia catalogadora original | CO-BoPUJ |
| Agencia transcriptora | CO-BoIAVH |
| Agencia Modificadora | CO-BoIAVH |
| 041 0# - IDIOMA | |
| Código de idioma para texto/pista de sonido o título separado | Español |
| 044 ## - PAÍS DE PUBLICACIÓN | |
| País de publicación | Colombia |
| 082 04 - NUMERO DE CLASIFICACION DECIMAL DEWEY | |
| Número de clasificación | 665 |
| Número del ítem | M67g |
| 100 1# - ASIENTO PRINCIPAL--NOMBRE PERSONAL | |
| Nombre personal | Moreno Amado, Myriam |
| 9 (RLIN) | 57640 |
| 245 10 - MENCION DE TITULO | |
| Título | Guía para procesos de cerería, jabonería y cremas |
| Mención de responsabilidad | Myriam Moreno Amado ; Edición Luis Enrique Acero Duarte, Leonor Rodríguez Montenegro y Henry Yesid Bernal |
| 260 ## - PUBLICACION, DISTRIBUCION, ETC. (PIE DE IMPRENTA) | |
| Lugar de publicación, distribución, etc. | Bogotá : |
| Nombre del editor, distribuidor, etc. | Convenio Andrés Bello, |
| Fecha de publicación, distribución, etc. | c2003. |
| 300 ## - DESCRIPCION FISICA | |
| Extensión | 39 páginas : |
| Otros detalles físicos | ilustraciones ; |
| Dimensiones | 27 x 21 cm. |
| 504 ## - NOTA DE BIBLIOGRAFIA, ETC. | |
| Nota de bibliografía | Incluye referencias bibliográficas (página 35). |
| 650 14 - ASIENTO SECUNDARIO DE MATERIA - TERMINO TEMATICO | |
| Término temático o nombre geográfico como elemento de entrada | Productos vegetales |
| 9 (RLIN) | 57664 |
| 650 24 - ASIENTO SECUNDARIO DE MATERIA - TERMINO TEMATICO | |
| Término temático o nombre geográfico como elemento de entrada | Aceites y grasas |
| 9 (RLIN) | 57642 |
| 650 24 - ASIENTO SECUNDARIO DE MATERIA - TERMINO TEMATICO | |
| Término temático o nombre geográfico como elemento de entrada | Jabones |
| 9 (RLIN) | 57643 |
| 650 24 - ASIENTO SECUNDARIO DE MATERIA - TERMINO TEMATICO | |
| Término temático o nombre geográfico como elemento de entrada | Ceras |
| 9 (RLIN) | 57644 |
| 650 24 - ASIENTO SECUNDARIO DE MATERIA - TERMINO TEMATICO | |
| Término temático o nombre geográfico como elemento de entrada | Manufactura de velas |
| 9 (RLIN) | 57645 |
| 700 1# - ASIENTO SECUNDARIO - NOMBRE PERSONAL | |
| Nombre personal | Acero Duarte, Luis Enrique |
| Fechas asociadas con el nombre | 1952- |
| Término de relación | Ed. |
| 9 (RLIN) | 57665 |
| 700 1# - ASIENTO SECUNDARIO - NOMBRE PERSONAL | |
| Nombre personal | Rodríguez Montenegro, Leonor |
| Término de relación | Ed. |
| 9 (RLIN) | 18314 |
| 700 1# - ASIENTO SECUNDARIO - NOMBRE PERSONAL | |
| Nombre personal | Bernal Malagón, Henry Yesid |
| Término de relación | Ed. |
| 9 (RLIN) | 50139 |
| 710 2# - ASIENTO SECUNDARIO - NOMBRE CORPORATIVO | |
| Nombre corporativo o de jurisdicción como elemento de entrada | Convenio Andrés Bello |
| 9 (RLIN) | 3230 |
| 942 ## - ELEMENTOS ADICIONALES (KOHA) | |
| Sistema de clasificación | Dewey Decimal Classification |
| Tipo de ítem | Libro |
| Withdrawn status | Lost status | Sistema de Clasificación | Damaged status | No para préstamo | Colección | Inventariado | Ubicación Permanente | Ubicación actual | Fecha de adquisición | Fuente de Valor | Valor | Total Checkouts | Número topográfico | Inventario / Código de Barras | Date last seen | Ejemplar | Price effective from | Forma de adquisición | Tipo de material |
|---|---|---|---|---|---|---|---|---|---|---|---|---|---|---|---|---|---|---|---|
| Dewey Decimal Classification | General | Inventariado 2017 | Bogotá | Bogotá | 16/05/2007 | Instituto | 39000.00 | LB-665 M67g | 024306 | 04/12/2012 | Ej. 1 | 04/12/2012 | Libro | ||||||
| Dewey Decimal Classification | General | Inventariado 2017 | Sala Fabio Quevedo | Sala Fabio Quevedo | 16/05/2007 | Instituto | 39000.00 | LB-665 M67g | 024308 | 04/12/2012 | Ej. 2 | 04/12/2012 | Libro |